000 00556nam a2200217Ia 4500
003 OSt
005 20220927112828.0
006 a|||||r|||| 00| 0
007 ta
008 220926b |||||||| |||| 00| 0 eng d
024 _a151866
037 _cReports
040 _aRTL
_cRTL
_beng
041 _2eng
_aeng
082 _a"X9(M72):51.2.N62t, K5/GD"
245 0 _aMarketing of wool in India
260 _c1964
300 _a226p.
_ccm.
942 _h"X9(M72):51.2.N62t, K5/GD"
_cCC
999 _c700697
_d700697